00642nam a2200205Ia 450000100030000000300090000300500170001200800410002902000160007004000280008604100080011408200240012210000450014624500770019126000410026830000180030965000240032760000410035160000440039298DO-SdBJH20180120165238.0180110s9999 dr 000 0 spa d a99934-4216X aDO-SdBJHbspacDO-SdBJH bspa aRD 861.3 R696m 20081 aRodríguez Demorizi, Emilio, compilador10aMartí y Máximo Gómezen la poesía dominicana / Emilio Rodríguez aSanto Domingo : Editora Búho, 2008 a205 páginas4 aPoesía dominicana aMarti, José, 1853-1895 -- Poesía aGómez, Máximo 1836-1905 -- Poesía